| 000 | 01173cam a22003254a 4500 | ||
|---|---|---|---|
| 001 | 15305849 | ||
| 005 | 20250925123432.0 | ||
| 008 | 080522s2008 enkaf bf 001 0 eng | ||
| 020 |
_a9781405180795 _qpbk. : alk. paper |
||
| 020 |
_a140518079X _qpbk. : alk. paper |
||
| 050 | 0 | 0 |
_aRS122.5 _b.B54 2008 |
| 082 | 0 | 0 |
_a615.5/8 _222 |
| 100 | 1 | _aBlenkinsopp, Alison. | |
| 245 | 1 | 0 |
_aSymptoms in the pharmacy : _ba guide to the management of common illness / _cAlison Blenkinsopp, Paul Paxton and John Blenkinsopp. |
| 250 | _a6th ed. | ||
| 260 |
_aOxford ; _aHoboken, NJ : _bWiley-Blackwell, _c2008. |
||
| 300 |
_avii, 352 p., [4] p. of plates : _bcol. ill. ; _c24 cm. |
||
| 500 | _aIncludes index. | ||
| 650 | 0 | _aPharmacist and patient. | |
| 650 | 0 | _aSymptoms. | |
| 650 | 0 | _aDrugs, Nonprescription. | |
| 650 | 1 | 2 |
_aDrug Therapy _vHandbooks. |
| 650 | 1 | 2 |
_aPharmaceutical Services _vHandbooks. |
| 650 | 2 | 2 |
_aDiagnosis _vHandbooks. |
| 650 | 2 | 2 |
_aReferral and Consultation _vHandbooks. |
| 700 | 1 | _aPaxton, Paul. | |
| 700 | 1 | _aBlenkinsopp, John. | |
| 856 | 4 | 1 |
_3Table of contents only _uhttp://www.loc.gov/catdir/toc/ecip0819/2008022794.html |
| 942 |
_2lcc _cBK _e6th ed. _n0 |
||
| 999 |
_c7717 _d7717 |
||